Auckland Multiple Choice - Statistics

General Stats
  • This quiz has been taken 275 times
  • The average score is 15 of 20
Answer Stats
Question Answer % Correct
What country does Auckland belong to? New Zealand
98%
On what side of the road do Aucklanders drive? left
95%
What is the name of the highest structure in Auckland? Sky Tower
93%
What are 'Countdown' and 'New World'? supermarkets
90%
What is 'pōhutukawa'? a type of tree
88%
What is Auckland's nickname? City of Sails
88%
What is the name of Auckland's central railway station? Britomart
86%
True or false: Auckland is the most isolated capital in the world. False
86%
True or false: 'AKL' is the IATA code for Auckland Intl. Airport True
86%
What is the "Domain"? a park
83%
What does the "K" in K-Road stand for? Karangahape
83%
True or false: the Māori call Auckland 'Aotearoa'. False
76%
Which one of these volcanoes is the youngest? (it erupted about 600 years ago) Rangitoto
76%
What body of water is crossed by the Auckland Harbour Bridge? Waitemata Harbour
74%
A tricky one to conclude: if you'd start digging a hole in Auckland, where would eventually end up? (assuming you're heat-resistent) near Seville, Spain
67%
What is the profession of Auckland resident Dai Henwood? TV host
67%
Who was NOT born in Auckland? Peter Jackson
60%
How many volcanoes form the Auckland Volcanic Field? 53
57%
How many people live in the city? (June 2018) 1.63 m
48%
Of the ethnicities listed below, which one's the biggest in terms of population? Māori
43%
No matching quizzes found
Score Distribution
Percent of People with Each Score
Percentile by Number Answered
Your Score History
You have not taken this quiz